Valaská

Zobrazenie: Päť čiastkových pohľadov, každý v bielom orámovaní, všetky spolu v striebornom orámovaní. Vpravo je vodorovne medzi pohľadmi čiernym písmom na striebornom podklade názov. Pohľad na obec z diaľky a z výšky. Vpravo sú husté stromy, hore zasahuje do záberu konár listnatého stromu. V diaľke...

Full description

Bibliographic Details
Other Authors: Oravec, Igor (fotograf) (Photographer), Lorencová, Elena (fotografka) (Photographer), Zibrin, Zdeno (fotograf) (Photographer)
Format: Photo
Language:Slovak
PhysicalDescription:1 pohľadnica (5 čiastkových pohľadov) farebná 11 x 15 cm
Published: Bratislava Pravda 1987
Subjects:

MARC

LEADER 00000ckm a2200000 a 4500
001 vtls001200432
003 SK-MaSNL
005 20260331202922.0
007 kf co
008 180703s1987 xo g 0kuslo
015 |a SNBG1987 
035 |a SNK000143501 
040 |a SNK  |b slo  |c SNK  |e AACR2 
041 0 |a slo 
043 |a e-xo--- 
044 |a xo  |c SK 
072 7 |a 913  |x Regionálna geografia  |2 konspekt 
080 |a 913(437.6)  |2 2011 
080 |a 908(437.6)  |2 2011 
080 |a 728.5  |2 2011 
080 |a 721  |2 2011 
080 |a 630*10  |2 2011 
080 |a 352  |2 2011 
080 |a (084.121)  |2 2011 
100 1 |a Oravec, Igor  |c (fotograf)  |4 pht  |9 283311 
245 1 0 |a Valaská  |h grafika  |c foto Igor Oravec, Elena Lorencová, Zdeno Zibrin 
246 3 1 |a Hronec 
246 1 |i Názov na adresnej časti:  |a Hronec - celkový pohľad 
246 1 |i Názov na adresnej časti:  |a Valaská - hotel Perla 
246 1 |i Názov na adresnej časti:  |a Hronec - pioniersky tábor 
246 1 |i Názov na adresnej časti:  |a Valaská 
246 1 |i Názov na adresnej časti:  |a Pioniersky tábor v Hronci 
260 |a Bratislava  |b Pravda  |c 1987  |e [Bratislava]  |f TZP-B 
300 |a 1 pohľadnica (5 čiastkových pohľadov)  |b farebná  |c 11 x 15 cm 
500 |a Názvové údaje prevzaté z obrazovej časti pohľadnice 
500 |a Dokument zobrazuje dve samostatné lokality 
520 8 |a Zobrazenie: Päť čiastkových pohľadov, každý v bielom orámovaní, všetky spolu v striebornom orámovaní. Vpravo je vodorovne medzi pohľadmi čiernym písmom na striebornom podklade názov. Pohľad na obec z diaľky a z výšky. Vpravo sú husté stromy, hore zasahuje do záberu konár listnatého stromu. V diaľke vidno budovy, medzi nimi listnaté stromy, v pozadí je vysoký priemyselný komín a vľavo sú hory. Pohľad na poschodovú širokú budovu obecného úradu. Vľavo je pred ním zaparkované jedno osobné auto, pred ním stojí žena s dieťaťom vedľa seba. Pred budovou sú mladé ihličnaté stromy. Pohľad na chaty pod husto zalesnenou ihličnatou horou. Pred budovami sú ďalšie ihličnaté stromy. Pohľad na poschodové budovy vpravo a v pozadí, v popredí je pred nimi ulica a na nej tri osoby. Pohľad na drevené poschodové horské chaty. Pred nimi je trávnatá plocha, za nimi sú vysoké ihličnaté stromy 
650 0 7 |a budovy  |2 SNKPH  |9 1283 
650 0 7 |a obecné úrady  |2 SNKPH  |9 69526 
650 0 7 |a lesy  |2 SNKPH  |9 1437 
650 0 7 |a horské chaty  |2 SNKPH  |9 98865 
651 7 |a Hronec (Slovensko)  |2 SNKPHgeo  |9 66830 
651 7 |a Valaská (Slovensko)  |2 SNKPHgeo  |9 132558 
655 7 |a miestne pohľadnice  |2 SNKPH  |9 70510 
655 7 |a geografické pohľadnice  |2 SNKPH  |9 70522 
700 1 |a Lorencová, Elena  |c (fotografka)  |4 pht  |9 283290 
700 1 |a Zibrin, Zdeno  |c (fotograf)  |4 pht  |9 283305 
958 |a GBN 
958 |a GC 
958 |a OND 
999 |c 1031253  |d 1033183 
952 |a SNK  |b SNK  |y PREZ  |7 0  |p 17A1290075  |o snkSP 139024  |i snk1035/88  |0 0  |1 0  |4 0  |d 2021-06-04  |f 1  |l 0  |r 2026-02-24 13:54:15  |w 2026-02-24 
952 |a SNK  |b SNK  |y PREZ  |7 0  |p 17A1290074  |o snkSP 139024 D1  |i snk1036/88  |0 0  |1 0  |4 0  |d 2021-06-04  |l 0  |r 2026-02-24 13:54:15  |w 2026-02-24